000 00315nam a2200121Ia 4500
008 240731s9999 xx 000 0 und d
022 _a1749-6284
245 0 _aPublications of the English Goethe Society
260 _bRoutledge
856 _uhttps://www.tandfonline.com/loi/ypeg20
942 _2ddc
942 _cTFEJ
999 _c79095
_d79095
945 _a1
_bMadushi Gamage
_c1
_dMadushi Gamage